000 00484cam a2200181ua 4500
020 _a81 7024 343 2
_c150.00
041 _aeng
_h
082 _a631.587
_bVEN/DY
100 _aVenkatareddy, M .
245 _aDynamics of irrigation water management /
_cM Venkatareddy.
_hTextual Documents
250 _a1 /
_b.
260 _aNew Delhi :
_bAshish Publishing House ,
_c1990.
300 _a168 ; .
365 _a150.00
504 _a
942 _cBK
999 _c7432
_d7432